|
|
|
|
| LEADER |
00844nam a2200253 a 4500 |
| 001 |
000322605 |
| 003 |
CZ BrMZK |
| 005 |
20040630145221.0 |
| 008 |
010907s1998 xo f slo d |
| 020 |
|
|
|z 80-8054-046-0
|
| 040 |
|
|
|a BOA001
|b cze
|
| 080 |
|
|
|a 681.3:002(075.8)
|2 MRF
|
| 080 |
|
|
|a 002:681.3(075.8)
|2 MRF
|
| 100 |
1 |
|
|a Bednár, Peter
|4 aut
|
| 245 |
1 |
0 |
|a Úvod do informačných systémov /
|c Peter Bednár
|
| 250 |
|
|
|a Vyd. 1.
|
| 260 |
|
|
|a Bratislava :
|b Akadémia Policajného zboru v Bratislave,
|c 1998
|
| 300 |
|
|
|a 115 s. ;
|c 30 cm
|
| 504 |
|
|
|a Obsahuje bibliografii
|
| 521 |
|
|
|a Určeno pro posl. Akad. policajného zboru v Bratislave
|
| 653 |
0 |
|
|a informační systémy
|
| 910 |
|
|
|a BOA001
|b TK-A-0263.550
|
| 990 |
|
|
|a BK
|
| 996 |
7 |
|
|b 2620011404
|c TK-A-0263.550
|l MZK
|r Sklad / do 24 hodin
|n 8
|p kup
|w 000322605
|u 000010
|a 1
|e BOA001
|j MZK50
|s A
|